000 00459nam a2200109Ia 4500
008 180412s9999||||xx |||||||||||||| ||und||
040 _aAhmadu Bello University Library - Zaria
100 _aAJAYI, John Olufemi
245 0 _aLibrary education in Nigeria 1948-1986
_cJohn Olufemi Ajayi, Moses Adekunle Omoniwa.
260 _aZaria.
_bA. B. U.
_c1987
300 _a81p.
600 _aLibrarianship; organization, buildings, administration, etc.Divide by Table 2. Education and Training. Nigeria.
999 _c1222
_d1222